01320nam a22002177a 4500003000900000005001700009008004100026040001300067245012900080250000600209260003600215300001800251490000600269520039800275942001200673999001700685952010000702952010000802952010000902952010001002IT-RoPau20220918175938.0130115b xxu||||| |||| 00| 0 eng d cIT-RoPau aCappella papale presieduta dal Santo Padre Giovanni Paolo II per la Beatificazione dei servi di Dio Giacomo Alberione ecc... aI aRomabTipografia Vaticanac2003 a200 p.c17 cm vI aIndice I. Profilo Biografico dei Servi di Dio: Giacomo Alberione Marco d' Aviano Maria Cristina Brando Eugenia Ravasco Maria Domenica Mantovani Giulia Salzano II. Preparazione alla Celebrazione III. Celebrazione dell' Eucarestia Riti di Introduzione Rito della Beatificazione Liturgia della Parola Liturgia Eucaristica Riti di Conclusione  2ddccBK c37759d37759 00102ddc406P_B371aPAULUSbPAULUSd2013-01-15l0oP B3r2013-01-15 00:00:00w2013-01-15yBK 00102ddc406P_B371aPAULUSbPAULUSd2013-01-15l0oP B3r2013-01-15 00:00:00w2013-01-15yBK 00102ddc406P_B371aPAULUSbPAULUSd2013-01-15l0oP B3r2013-01-15 00:00:00w2013-01-15yBK 00102ddc406P_B371aPAULUSbPAULUSd2013-01-15l0oP B3r2013-01-15 00:00:00w2013-01-15yBK